Động hóa học

Sách gồm 12 chương giới thiệu những kiến thức cơ bản về hóa học. Các khái niệm về tốc độ phản ứng, hằng số tốc độ phản ứng, các quy luật động hóa học về sự ảnh hưởng của nhiệt độ áp suất,......

Descrición completa

Gardado en:
Detalles Bibliográficos
Autor Principal: Trần, Sơn
Formato: Libro
Idioma:Undetermined
Publicado: Hà Nội Khoa học Kỹ thuật 2001
Những chủ đề:
Các nhãn: Engadir etiqueta
Sen Etiquetas, Sexa o primeiro en etiquetar este rexistro!
Thư viện lưu trữ: Trung tâm Học liệu Trường Đại học Cần Thơ
LEADER 00864nam a2200205Ia 4500
001 CTU_46516
008 210402s9999 xx 000 0 und d
020 |c 22000 
082 |a 541.3 
082 |b S464 
100 |a Trần, Sơn 
245 0 |a Động hóa học 
245 0 |c Trần Sơn 
260 |a Hà Nội 
260 |b Khoa học Kỹ thuật 
260 |c 2001 
520 |a Sách gồm 12 chương giới thiệu những kiến thức cơ bản về hóa học. Các khái niệm về tốc độ phản ứng, hằng số tốc độ phản ứng, các quy luật động hóa học về sự ảnh hưởng của nhiệt độ áp suất,... 
650 |a Chemistry, physical and theoretical 
904 |i Năm 
980 |a Trung tâm Học liệu Trường Đại học Cần Thơ